000 00489nam a2200133Ia 4500
008 220216s9999 xx 000 0 und d
100 _aGeorge Sherin
245 0 _aManagement strategies towards reducing the immaturity period of rubber (Hevea brasiliensis)
260 _bIn: Towards Inclusive Rubber Development (Ed. C. Kuruvilla Jacob). The Rubber Board, Kottayam, India, pp. 124-142.
_c2009
700 _aGireesh T.
700 _aIdicula Sabu P.
700 _aNair N Usha
942 _cJS
999 _c62465
_d62465